| 000 | 00552nam a2200193 a 4500 | ||
|---|---|---|---|
| 001 | 3500 | ||
| 003 | CDMR | ||
| 005 | 20131209164051.0 | ||
| 008 | 130130s1977||||||||||||||||||||||||||||d | ||
| 040 |
_aCDMR _bcat _cCDMR |
||
| 100 | 1 |
_aBlake, Reed H. _92513 |
|
| 245 | 1 | 0 |
_aTaxonomía de conceptos de la comunicación _bReed H. Blake, Edwin O. Haroldsen |
| 260 |
_aMéxico _c1977 _bNuevomar |
||
| 300 | _a167 p. | ||
| 650 | 0 | 4 |
_94470 _aComunicació |
| 650 | 0 | 4 |
_9405 _aMitjans de comunicació de massa |
| 700 | 1 |
_94478 _aHaroldsen, Edwin O. |
|
| 942 |
_cMON _2udc |
||
| 999 |
_c3500 _d3500 |
||